000 00826nam a22002177a 4500
999 _c144
_d144
001 144
003 BD-JhCC
005 20171001142432.0
008 170930b2006 bg ||||| |||| 00| 0 ben d
035 _a(BD-JhCC)144
040 _aBD-JhCC
_dBD-JhCC
041 _aben
082 _a954.9205
_bMOT 2006
100 _aরহমান, মো. মতিউর
245 _aএকজন সৈনিকর চোখে মুক্তিযুদ্ধঃ
_bশহীদ জিয়ার স্বাধীনতা ঘোষনা এবং বিদ্রোহ ঘোষনা পর্ব /
_cমো. মতিউর রহমান
260 _aঢাকা :
_bসূচীপএ,
_c২০০৬.
300 _a103 p. ;
_c21 cm.
651 _aBangladesh
_xHistry of liberation 1971
942 _2ddc
_cBK